ED-1445 Red Interinstitucional para la niñez y la adolescencia de Costa Rica. ED-2822 Fortaleciendo la formación continua de profesionales que atienden el desarrollo de la niñez en sus primeros años de vida /
Αποθηκεύτηκε σε:
| Κύριος συγγραφέας: | |
|---|---|
| Άλλοι συγγραφείς: | |
| Μορφή: | Βιβλίο |
| Γλώσσα: | Spanish |
| Έκδοση: |
San José, Costa Rica :
INIE,
2013
|
| Θέματα: | |
| Ετικέτες: |
Προσθήκη ετικέτας
Δεν υπάρχουν, Καταχωρήστε ετικέτα πρώτοι!
|
MARC
| LEADER | 00000nam a2200000 4500 | ||
|---|---|---|---|
| 008 | 150806b2013 c ||||| |||| 00| | spa d | ||
| 090 | |a 14.02.02 |b 1336 | ||
| 100 | 1 | |9 756 |a Cerdas Núñez, Jeannette | |
| 245 | 1 | 8 | |a ED-1445 Red Interinstitucional para la niñez y la adolescencia de Costa Rica. ED-2822 Fortaleciendo la formación continua de profesionales que atienden el desarrollo de la niñez en sus primeros años de vida / |c Responsable Jeannette Cerdas, colaboradora Lupita Chaves |
| 260 | |a San José, Costa Rica : |b INIE, |c 2013 | ||
| 300 | |a 45 hojas | ||
| 610 | 0 | |9 758 |a RED INTERINSTITUCIONAL PARA LA NIÑEZ Y LA ADOLESCENCIA DE COSTA RICA | |
| 650 | 0 | |9 757 |a PRIMERA INFANCIA | |
| 650 | 0 | |9 59 |a NIÑOS | |
| 650 | 0 | |9 60 |a NIÑAS | |
| 651 | 0 | |9 47 |a COSTA RICA | |
| 700 | 1 | |9 255 |a Chaves Salas, Ana Lupita | |
| 942 | |i 003804 |h 14.02.02 1336 |2 z |c 01 | ||
| 999 | |c 2791 |d 2791 | ||
